Países Ecuatoriales - ¡Muerte súbita! - Estadísticas

Estadísticas generales
  • Esta prueba ha sido intentada 38 veces
  • La puntuación promedio es 7 de 11
Answers on the Grid
Answers color-coded by a green-red scale on the quiz's grid according to % correct below.
Argentina
Australia
Bolivia
Brasil
China
Colombia
Ecuador
Gabón
Guinea
India
Indonesia
Kenia
Malaui
México
Panamá
Rep. del Congo
Rep. Dem. del Congo
Samoa
Santo Tomé y Príncipe
Somalia
Sudáfrica
Uganda
Vietnam
Yemen
 
Estadísticas de respuestas
Respuesta % Correcto
Brasil
94%
Ecuador
94%
Colombia
71%
Rep. del Congo
71%
Rep. Dem. del Congo
65%
Indonesia
53%
Kenia
53%
Gabón
47%
Somalia
47%
Uganda
47%
Santo Tomé y Príncipe
41%
No se encontraron pruebas coincidentes
Distribución de puntuación
Porcentaje de gente con cada puntuación
Porcentaje por número respondido
Historial de tus puntuaciones
No has intentado esta prueba.